000 00256nam a22001217a 4500
008 171129b xxu||||| |||| 00| 0 eng d
041 _aeng
080 _a32
100 _a19
101 _aPOL
245 _aRIOT,ROUT, AND TUMULT
_cLANE,R
942 _2udc
_cBK
999 _c38619
_d38619